[Event "Michigan Novice"]
[Site "Auburn Hills"]
[Date "2005.01.15"]
[Round "3.9"]
[White "Hamilton, Phillip"]
[Black "Foster, Michael"]
[Result "0-1"]
[WhiteElo "818"]
[BlackElo "151"]
[PlyCount "54"]
[EventDate "2005.01.15"]
[EventType "swiss"]
[EventRounds "5"]
[EventCountry "USA"]
[SourceTitle "EXT 2006"]
[Source "ChessBase"]
[SourceDate "2005.11.24"]
[SourceVersion "1"]
[SourceVersionDate "2005.11.24"]
[SourceQuality "1"]

1. c4 e5 2. d3 Nf6 3. g3 Bb4+ 4. Bd2 Bxd2+ 5. Nxd2 0-0 6. Bg2 d5 7. cxd5 Nxd5 8. Ngf3 Nc6 9. 0-0 Be6 10. Re1 h6 11. Qb3 Re8 12. Qxb7 Qd7 13. Nc4 Nce7 14. Nfxe5 Qd8 15. Nc6 Nxc6 16. Qxc6 Nb4 17. Qa4 Qb8 18. Bxa8 Qxa8 19. Qxb4 Rb8 20. Qc3 Bd5 21. Rac1 Bh1 22. f3 Bxf3 23. exf3 Qxf3 24. Ne5 Qh5 25. Qxc7 Rxb2 26. a4 Qxh2+ 27. Kf1 Qg2# 0-1